The clinical orthopedic assessment guide / (Record no. 113156)

MARC details
000 -LEADER
fixed length control field 00795nam a22002418a 4500
008 - FIXED-LENGTH DATA ELEMENTS--GENERAL INFORMATION
fixed length control field
020 ## - INTERNATIONAL STANDARD BOOK NUMBER
International Standard Book Number 0880115076 (pbk.)
049 ## - LOCAL HOLDINGS (OCLC)
Holding library MAIN
090 01 - LOCALLY ASSIGNED LC-TYPE CALL NUMBER (OCLC); LOCAL CALL NUMBER (RLIN)
Classification number (OCLC) (R) ; Classification number, CALL (RLIN) (NR) RD734
Local cutter number (OCLC) ; Book number/undivided call number, CALL (RLIN) LOU
003 - CONTROL NUMBER IDENTIFIER
control field
005 - DATE AND TIME OF LATEST TRANSACTION
control field 20230120203859.0
040 ## - CATALOGING SOURCE
Transcribing agency NUST
100 1# - MAIN ENTRY--PERSONAL NAME
Personal name Loudon, Janice.
245 14 - TITLE STATEMENT
Title The clinical orthopedic assessment guide /
Statement of responsibility, etc. Janice K. Loudon, Stephania L. Bell, Jane M. Johnston.
260 ## - PUBLICATION, DISTRIBUTION, ETC.
Place of publication, distribution, etc. Champaign, IL :
Name of publisher, distributor, etc. Human Kinetics,
Date of publication, distribution, etc. c1998.
300 ## - PHYSICAL DESCRIPTION
Extent viii, 238 p. :
Other physical details ill. (some col.) ;
Dimensions 28 cm.
504 ## - BIBLIOGRAPHY, ETC. NOTE
Bibliography, etc. note Includes bibliographical references and index.
650 #0 - SUBJECT ADDED ENTRY--TOPICAL TERM
Topical term or geographic name entry element Orthopedics
General subdivision Diagnosis
Form subdivision Handbooks, manuals, etc.
700 1# - ADDED ENTRY--PERSONAL NAME
Personal name Bell, Stephania.
700 1# - ADDED ENTRY--PERSONAL NAME
Personal name Johnston, Jane.
907 ## - LOCAL DATA ELEMENT G, LDG (RLIN)
a .b10166427
b 20-07-12
c 27-06-05
942 ## - ADDED ENTRY ELEMENTS (KOHA)
Koha item type Ordinary Loan Books
Call number prefix RD734
Call number suffix LOU
Holdings
Date last seen Total Checkouts Full call number Barcode Cost, replacement price Price effective from Koha item type Lost status Source of classification or shelving scheme Damaged status Not for loan Collection Withdrawn status Home library Current library Shelving location Date acquired Cost, normal purchase price
01/20/2023   RD734 LOU 92003016428 80.00 01/20/2023 BOOKS   LCC     NFIC   Medical Medical GEN 01/20/2023 80.00